Darkness at noon (Record no. 58012)
[ view plain ]
| 000 -LEADER | |
|---|---|
| fixed length control field | 00387nam a2200169Ia 4500 |
| 003 - CONTROL NUMBER IDENTIFIER | |
| control field | 0STCL |
| 008 - FIXED-LENGTH DATA ELEMENTS--GENERAL INFORMATION | |
| fixed length control field | 150530s9999 xx 000 0 und d |
| 040 ## - CATALOGING SOURCE | |
| Original cataloging agency | STCL |
| Transcribing agency | STCL |
| 005 - DATE AND TIME OF LATEST TRANSACTION | |
| control field | 20220125171039.0 |
| 100 ## - MAIN ENTRY--PERSONAL NAME | |
| Personal name | Arthur Koestler; Daphne Hardy; Tr |
| 245 ## - TITLE STATEMENT | |
| Title | Darkness at noon |
| 250 ## - EDITION STATEMENT | |
| Edition statement | First |
| 260 ## - PUBLICATION, DISTRIBUTION, ETC. (IMPRINT) | |
| Name of publisher, distributor, etc. | Vintage |
| Date of publication, distribution, etc. | 1994 |
| 546 ## - LANGUAGE NOTE | |
| Language note | English |
| 942 ## - ADDED ENTRY ELEMENTS (KOHA) | |
| Source of classification or shelving scheme | Dewey Decimal Classification |
| Koha item type | Book |
| Withdrawn status | Lost status | Source of classification or shelving scheme | Damaged status | Not for loan | Home library | Current library | Shelving location | Date acquired | Cost, normal purchase price | Total Checkouts | Full call number | Barcode | Date last seen | Date last checked out | Price effective from | Koha item type |
|---|---|---|---|---|---|---|---|---|---|---|---|---|---|---|---|---|
| Dewey Decimal Classification | Santhome Athenaeum | Santhome Athenaeum | General Stacks | 30/05/2015 | 210.00 | 4 | 823-1875 | 24151 | 08/12/2022 | 30/11/2022 | 30/05/2015 | Book |